000 00846 a2200181 4500
003 Nust
005 20221227172038.0
040 _cNust
082 _a621.348152,STU
100 _aSturley, Kenneth Reginald.
_9105643
245 _aFrequency Modulation /
_cK.R. Sturley
260 _aHulton Press
_bLondon
_c1942
300 _a57 p
_billus
_c22 cm
505 _aGeneral Nature of the System (Page-1), The Advantages and Disadvantages of Frequency Modulated and Phase Modulated Transmission (Page-11), Methods of Modulating the Frequency or Phase a Carrier (Page-21), The Frequency Modulation Receiver (Page-37), The Frequency Modulation Receiver (Page-51), Frequency to Amplitude Conversion (Page-67), The Complete Receiver (Page-83).
600 _aSturley, Kenneth Reginald.
_9105643
650 _aFrequency modulation
_9106105
942 _2ddc
_cBK
999 _c183461
_d183461